000 00751nam a22002057a 4500
001 114616
003 DR-UNIBE
005 20260506113216.0
008 260506b2023 dr ||||| |||| 00| 0 spa d
040 _aBIBLIOTECA UNIBE
_bspa
_cBIBLIOTECA UNIBE
_erda
041 _aspa
082 _aF-RD 6042
110 2 _aRepública Dominicana.
_bOficina Nacional de Defensa Pública
_915693
245 1 0 _aApéndice informe de las condiciones de detención y de prisión 2023 :
_bestado de salud
260 _a[Lugar de publicación no identificado] :
_bOficina Nacional de Defensa Pública,
_c2023
300 _a23 páginas :
_bilustraciones, gráficas
650 7 _2lemb
_aArresto
_9204547
650 7 _2lemb
_aDetención de personas
_9204548
942 _2ddc
_cMX
999 _c114616
_d114616